Wind in the Wolds (Record no. 78532)

MARC details
000 -LEADER
fixed length control field 00956cab a22001935a 4500
001 - CONTROL NUMBER
control field L137057
008 - FIXED-LENGTH DATA ELEMENTS--GENERAL INFORMATION
fixed length control field 070312e2007 xxk 000 0 eng d
035 ## - SYSTEM CONTROL NUMBER
System control number (Sirsi) u137057
041 ## - LANGUAGE CODE
Language code of text/sound track or separate title eng
245 ## - TITLE STATEMENT
Title Wind in the Wolds
260 ## - PUBLICATION, DISTRIBUTION, ETC.
Date of publication, distribution, etc. 2007
490 #0 - SERIES STATEMENT
Series statement Project
Volume/sequential designation 19(8) March 2007, 30-32(3)
520 ## - SUMMARY, ETC.
Summary, etc. Reports on the project to build one of England's biggest new wind farms. The Burton Wold Wind Farm is built on arable land just off the A14 in Northamptonshire and comprises 10 100-metre tall turbines, which have the capacity to meet the energy needs of 10 000 homes. Since the turbines started in 2006, the development has generally been well received. Outlines the various stages of the project, and highlights the importance of good communication with consultees.
590 ## - LOCAL NOTE (RLIN)
Local note KA
651 #4 - SUBJECT ADDED ENTRY--GEOGRAPHIC NAME
Geographic name United Kingdom
Chronological subdivision
690 ## - LOCAL SUBJECT ADDED ENTRY--TOPICAL TERM (OCLC, RLIN)
Topical term or geographic name as entry element ENVIRONMENTAL AND LAND CONSULTANCY-ENERGY-RENEWABLE ENERGY
690 ## - LOCAL SUBJECT ADDED ENTRY--TOPICAL TERM (OCLC, RLIN)
Topical term or geographic name as entry element Project management
9 (RLIN) 6261
942 ## - ADDED ENTRY ELEMENTS (KOHA)
Suppress in OPAC 0
Holdings
Withdrawn status Lost status Source of classification or shelving scheme Damaged status Not for loan Home library Current library Shelving location Date acquired Total Checkouts Full call number Barcode Date last seen Copy number Price effective from Koha item type
    Dewey Decimal Classification     London London Journal article 12/03/2007   L137057 137057-1001 06/08/2019 1 06/08/2019 Journal article